Nar̲r̲iṇai : (Record no. 79917)

MARC details
000 -LEADER
fixed length control field 00754cam a2200253 i 4500
001 - CONTROL NUMBER
control field sa 68004008
003 - CONTROL NUMBER IDENTIFIER
control field DLC
005 - DATE AND TIME OF LATEST TRANSACTION
control field 20260227112458.0
008 - FIXED-LENGTH DATA ELEMENTS--GENERAL INFORMATION
fixed length control field 811029m19679999ii 000 0 tam
010 ## - LIBRARY OF CONGRESS CONTROL NUMBER
LC control number sa 68004008
020 ## - INTERNATIONAL STANDARD BOOK NUMBER
Terms of availability Rs3.50 (v. 1)
025 ## - OVERSEAS ACQUISITION NUMBER
Overseas acquisition number PL480:I-T-2013
040 ## - CATALOGING SOURCE
Original cataloging agency DLC
Transcribing agency DLC
Modifying agency DLC
050 00 - LIBRARY OF CONGRESS CALL NUMBER
Classification number PL4758.6.A2
Item number N37 1967
130 0# - MAIN ENTRY--UNIFORM TITLE
Uniform title Nar̲r̲iṇai.
245 10 - TITLE STATEMENT
Title Nar̲r̲iṇai :
Remainder of title teḷivurai /
Statement of responsibility, etc. Puliyūrk Kēcikan̲ teḷivuraiyuṭan̲.
250 ## - EDITION STATEMENT
Edition statement [1. patippu].
260 ## - PUBLICATION, DISTRIBUTION, ETC.
Place of publication, distribution, etc. Cen̲n̲ai :
Name of publisher, distributor, etc. Pāri Nilaiyam,
Date of publication, distribution, etc. [1967-
300 ## - PHYSICAL DESCRIPTION
Extent v. <1 > ;
Dimensions 18 cm.
500 ## - GENERAL NOTE
General note At head of title: Caṅka ilakkiyam: makkaḷ patippu.
500 ## - GENERAL NOTE
General note In Tamil.
650 #0 - SUBJECT ADDED ENTRY--TOPICAL TERM
Topical term or geographic name entry element Tamil poetry
Chronological subdivision To 1500.
700 0# - ADDED ENTRY--PERSONAL NAME
Personal name Puliyūrk Kēcikan̲.

No items available.

Powered by Koha